Nevidiaci a slabozrakí ľudia na trhu práce a v prístupe k celoživotnému vzdelávaniu (výsledky empirického prieskumu)

Bibliographic Details
Corporate Author: SIZAR (projekt) (Author)
Other Authors: Kostolná, Zuzana (Research team head)
Format: Book
Language:Slovak
PhysicalDescription:131 s. grafy, tab. 30 cm
Published: Bratislava Inštitút pre výskum práce a rodiny Únia nevidiacich a slabozrakých Slovenska 2006
Edition:[1. vyd.]
Subjects:

MARC

LEADER 00000cam a2200000 a 4500
001 vtls008841217
003 SK-MaSNL
005 20260331204727.0
008 180216s2006 xo dl g 000 0 slo
015 |a SNBA2006/09-04915 
035 |a B027EDEE-0DD7-43CA-886E-9D78ABB708C0 
035 |a urn:nbn:sk:snk-amyghj 
035 |a urn:nbn:sk:snk-am00ckb7 
040 |a SNK  |b slo  |c SNK  |e AACR2 
041 0 |a slo 
044 |a xo  |c SK 
072 7 |a 331  |x Práca  |2 konspekt 
080 |a 331.5  |2 2001 
080 |a (048.8)  |2 2001 
080 |a 316.344.6-056.262  |2 2001 
100 1 |a Kostolná, Zuzana  |4 rth  |9 9913 
245 1 0 |a Nevidiaci a slabozrakí ľudia na trhu práce a v prístupe k celoživotnému vzdelávaniu  |b (výsledky empirického prieskumu)  |c zodpovedný riešiteľ: Zuzana Kostolná 
250 |a [1. vyd.] 
260 |a Bratislava  |b Inštitút pre výskum práce a rodiny  |b Únia nevidiacich a slabozrakých Slovenska  |c 2006 
300 |a 131 s.  |b grafy, tab.  |c 30 cm 
504 |a Pozn. 
650 0 7 |a trh práce  |2 SNKPH  |9 2371 
650 0 7 |a zrakovo postihnuté osoby  |2 SNKPH  |9 1168 
655 7 |a štúdie  |2 SNKPH  |9 57033 
655 7 |a prieskumy  |2 SNKPH  |9 311906 
710 2 |a SIZAR (projekt)  |4 aut  |9 89843 
999 |c 566613  |d 568543 
952 |a SNK  |b SNK  |y PREZ  |7 0  |p 17A0518351  |o snkSB 72806  |i snk2006/16556  |8 0  |0 0  |1 0  |4 0  |d 2006-08-22  |f 1  |l 0  |r 2025-04-25 00:00:00  |w 2026-02-23 
952 |a SNK  |b SNK  |y VYP  |7 0  |p 17A0526236  |o snkSB 72806 D1  |i snk2006/20895  |8 0  |0 0  |1 0  |4 0  |d 2006-10-16  |l 0  |r 2016-06-30 00:00:00  |w 2026-02-23